Big 4 2000's champions - Statistics

General Stats
  • This quiz has been taken 78 times
    31 since last reset
  • The average score is 80 of 98
Answer Stats
Year Sport Team % Correct
2000 NBA Lakers
100%
2001 NBA Lakers
100%
2002 NBA Lakers
100%
2009 NBA Lakers
100%
2010 NBA Lakers
100%
2020 NBA Lakers
100%
2023 NBA Nuggets
96%
2020 NFL Chiefs
92%
2023 NFL Chiefs
92%
2024 NFL Chiefs
92%
2008 NFL Giants
92%
2010 MLB Giants
92%
2012 NFL Giants
92%
2012 MLB Giants
92%
2014 MLB Giants
92%
2006 NBA Heat
92%
2012 NBA Heat
92%
2013 NBA Heat
92%
2002 NFL Patriots
92%
2004 NFL Patriots
92%
2005 NFL Patriots
92%
2015 NFL Patriots
92%
2017 NFL Patriots
92%
2019 NFL Patriots
92%
2004 MLB Red Sox
92%
2007 MLB Red Sox
92%
2013 MLB Red Sox
92%
2018 MLB Red Sox
92%
2015 NBA Warriors
92%
2017 NBA Warriors
92%
2018 NBA Warriors
92%
2022 NBA Warriors
92%
2000 MLB Yankees
92%
2009 MLB Yankees
92%
2021 NBA Bucks
88%
2008 NBA Celtics
88%
2024 NBA Celtics
88%
2020 MLB Dodgers
88%
2000 NFL Rams
88%
2022 NFL Rams
88%
2023 MLB Rangers
88%
2014 NFL Seahawks
88%
2016 NFL Broncos
83%
2006 MLB Cardinals
83%
2011 MLB Cardinals
83%
2016 NBA Cavaliers
83%
2018 NFL Eagles
83%
2001 NFL Ravens
83%
2013 NFL Ravens
83%
2003 NBA Spurs
83%
2005 NBA Spurs
83%
2007 NBA Spurs
83%
2014 NBA Spurs
83%
2011 NHL Bruins
79%
2016 MLB Cubs
79%
2001 MLB Diamondbacks
79%
2003 MLB Marlins
79%
2011 NFL Packers
79%
2024 NHL Panthers
79%
2019 NBA Raptors
79%
2005 MLB White Sox
79%
2017 MLB Astros
75%
2022 MLB Astros
75%
2001 NHL Avalanche
75%
2022 NHL Avalanche
75%
2012 NHL Kings
75%
2014 NHL Kings
75%
2011 NBA Mavericks
75%
2019 MLB Nationals
75%
2009 NHL Penguins
75%
2016 NHL Penguins
75%
2017 NHL Penguins
75%
2004 NBA Pistons
75%
2006 NFL Steelers
75%
2009 NFL Steelers
75%
2003 NFL Buccaneers
71%
2021 NFL Buccaneers
71%
2007 NFL Colts
71%
2007 NHL Ducks
71%
2008 MLB Phillies
71%
2002 NHL Red Wings
71%
2008 NHL Red Wings
71%
2015 MLB Royals
71%
2010 NHL Blackhawks
67%
2013 NHL Blackhawks
67%
2015 NHL Blackhawks
67%
2019 NHL Blues
67%
2018 NHL Capitals
67%
2023 NHL Golden Knights
67%
2004 NHL Lightning
67%
2020 NHL Lightning
67%
2021 NHL Lightning
67%
2021 MLB Braves
63%
2000 NHL Devils
58%
2003 NHL Devils
58%
2006 NHL Hurricanes
58%
2010 NFL Saints
58%
2002 MLB Angels
54%
No matching quizzes found
Score Distribution
Percent of People with Each Score
Percentile by Number Answered
Your Score History
You have not taken this quiz since the last reset